Statistics for Valerie - Glee cast - Lyrics

Click here to take the quiz!

General Stats

  • This quiz has been taken 54 times
  • The average score is 236 of 285

Answer Stats

Answer% Correct
I
100%
go
98%
my
98%
a
96%
sometime
96%
the
96%
and
94%
And
94%
come
94%
look
94%
out
94%
over
94%
Valerie
94%
water
94%
What
94%
across
91%
well
91%
Well
91%
you
91%
You
91%
all
89%
by
89%
me
89%
myself
89%
on
89%
Why
89%
in
87%
of
87%
sometimes
87%
things
87%
think
87%
your
87%
dress
85%
head
85%
picture
85%
to
85%
hair
83%
way
83%
ginger
81%
like
81%
paint
81%
doing
79%
don't
79%
making
79%
fool
77%
home
77%
I've
77%
mess
77%
stop
77%
missed
74%
been
72%
body's
72%
since
72%
you're
72%
get
68%
that
68%
Did
66%
did
66%
Won't
66%
won't
66%
are
64%
Are
64%
have
64%
for
62%
good
62%
lawyer
62%
busy
60%
jail
60%
time
60%
pay
57%
color
55%
fine
55%
fix
55%
it
55%
Oh
55%
up
55%
hope
53%
man
53%
Put
53%
right
53%
sale
53%
find
51%
Cause
49%
house
49%
anywhere
47%
still
47%
who'll
45%
catch
43%
dizzy
43%
Changed
40%
dodging
40%
shopping
40%
didn't
38%
tan
38%
were
38%

Score Distribution

Percentile by Number Answered

Percent of People with Each Score

Your Score History

You have not taken this quiz